Historia Polski - prawda czy fałsz? #2 - Statystyki

Ogólne statystyki
  • Ten quiz został rozwiązany 371 razy
    87 od ostatniego zresetowania
  • Średni wynik to 11 z 15
Statystyki odpowiedzi
Zagadnienie Odpowiedź % Poprawnych
Mieszko I był pierwszym królem Polski. Fałsz
96%
Roman Dmowski zlecił zbrodnie w Katyniu. Fałsz
90%
Skrót PRL oznaczał Polska Rzeczpospolita Ludowa. Prawda
90%
Związek Radziecki wkroczył na teren Polski 17 września 1939 roku. Prawda
85%
1138 roku miał miejsce rozbicie dzielnicowe. Prawda
84%
Bolesław Bierut był jedynym pierwszym sekretarzem w PZPR który zmarł w trakcie urzędu. Prawda
81%
W 1011 roku królem Polski był Bolesław Chrobry. Fałsz
79%
Bitwa pod Kircholmem w 1605 roku została wygrana przez Polaków. Prawda
75%
Drugi rozbiór Polski miał miejsce w 1789 roku. Fałsz
74%
Ostatnim dyktatorem powstania styczniowego był Romuald Traugutt. Prawda
73%
Polska dołączyła do NATO w 2004 roku. Fałsz
66%
Księstwo Warszawskie istniało krócej niż 10 lat. Prawda
63%
XV wiek był złotym wiekiem dla Polski. Fałsz
55%
Konstytucja 3 Maja funkcjonowała do trzeciego rozbioru Polski. Fałsz
33%
Kazimierz III Wielki nie posiadał syna. Fałsz
25%
Nie znaleziono quizów pasujących do podanych kryteriów
Rozkład punktacji
Procent ludzi z każdym wynikiem
Percentyl według liczby udzielonych odpowiedzi
Twoja historia wyników
Nie rozwiązałeś tego quizu od ostatniego zresetowania